000 00263nam a22001097a 4500
005 20251009113235.0
008 251009b |||||||| |||| 00| 0 eng d
040 _cPK-LaNCA
082 _a712
_bLAN
245 _aLandscaping: principles and practices
942 _cBK
999 _c66939
_d66939